01370na a2200277 450000100060000000300080000600500170001400800410003103500100007204000250008204100080010708200270011509000260014211101560016824502070032426000520053130000200058365000720060365000690067571000520074471000490079694200130084595201080085895201130096699900130107917564MIRAKIL20181213154753.0161029b tu 000 0  a17564 aMilasbturcTR-AnCHP atur a344.012596bİ7i 2002 a344.012596 İ7i 2002 aİş Hukukuna ve Sosyal Güvenlik Hukukuna İlişkin Sorular ve Çözüm Önerilericİstanbuld2001kİşçinin Feshe Karşı Korunması aİktisadi, sosyal ve uluslararası hukuki boyutu ile işçinin feshe karşı korunmasıcDüzenleyenler Galatasaray Üniversitesi Hukuk Fakültesi, İstanbul Barosu Çalışma Hukuku Komisyonu aİstanbulbİstanbul Barosu Yayınlarıc2002 a360 s. c24 sm. aİşçi güvenliğixHukuk ve mevzuatyToplantılarzTürkiye aİş hukukuxİşçi güvenliğiyToplantılarzTürkiye aİstanbul Barosu Çalışma Hukuku Komisyonu aGalatasaray Üniversitesi Hukuk Fakültesi 2ddccBKS a0001b0001d2016-10-29e2l0o344.012596 İ7i 2002p008198r2016-10-29 00:00:00v0.00w2016-10-29yBKS a0001b0001d2016-11-23e2l0o344.012596 İ7i 2002p008199r2016-11-23 00:00:00tk.2v0.00w2016-11-23yBKS c542d542